000 00433nam a22001817a 4500
003 MPLRDC
005 20220104142604.0
008 210129b ||||| |||| 00| 0 eng d
020 _a978-7-5506-1211-2
082 _a097.2 MZ
100 _a孟子
245 _a孟子
_c
250 _a一版一刷
260 _a中国
_b凤凰出版传媒股份有限公司
_c2012
300 _b305
650 _a孟子
942 _cBK
_o097.2 MZ
999 _c32096
_d32086